[Event "Mistrzostwa Polski Juniorów Młodszych"]
[Site "Suwałki, Poland"]
[Date "2025.04.24"]
[Round "1.1"]
[White "Brzezina, Pawel"]
[Black "Szuminski, Jakub"]
[Result "1-0"]
[WhiteElo "2125"]
[BlackElo "1698"]
[PlyCount "53"]
[EventDate "2025.??.??"]

1. d4 d5 2. c4 c6 3. Nf3 e6 4. e3 Nf6 5. Nbd2 Be7 6. Bd3 dxc4 7. Nxc4 b5 8. Nce5 Bb7 9. O-O Nbd7 10. b3 O-O 11. Bb2 a6 12. Nxd7 Nxd7 13. Qc2 h6 14. Rfd1 Qc7 15. Rac1 Rac8 16. Qe2 Qb8 17. Bb1 c5 18. dxc5 Nxc5 19. Ne5 Rfd8 20. Rxd8+ Rxd8 21. Qh5 Rf8 22. Bd4 Qd8 23. Bxc5 Qd2 24. Nd3 Rc8 25. Rd1 Qa5 26. Bxe7 Be4 27. Qe2 1-0

[Event "Mistrzostwa Polski Juniorów Młodszych"]
[Site "Suwałki, Poland"]
[Date "2025.04.24"]
[Round "1.2"]
[White "Cichocki, Aleksander"]
[Black "Bilochenko, Matvii"]
[Result "0-1"]
[WhiteElo "1698"]
[BlackElo "2027"]
[PlyCount "76"]
[EventDate "2025.??.??"]

1. e4 c5 2. Nf3 e6 3. Bc4 a6 4. a4 Nc6 5. O-O Nf6 6. d3 d5 7. exd5 exd5 8. Bb3 Be7 9. h3 O-O 10. Bf4 Bd6 11. Qd2 Be6 12. Nc3 d4 13. Bxd6 Qxd6 14. Ne2 Bxb3 15. cxb3 Nd5 16. Ng3 Qf4 17. Qc2 b6 18. Rfe1 Ndb4 19. Qe2 Na5 20. Ra3 Rac8 21. Nh5 Qf5 22. Ne5 Rce8 23. Ng3 Qe6 24. Qd2 Qd5 25. Nc4 Rxe1+ 26. Qxe1 Nxd3 27. Qd2 Nb4 28. Nxb6 Qe6 29. Nc4 Nxc4 30. bxc4 Qxc4 31. Qg5 h6 32. Qd2 Qc2 33. Qxc2 Nxc2 34. Rf3 Re8 35. Nh5 c4 36. Rg3 Re1+ 37. Kh2 d3 38. Rxg7+ Kf8 0-1

[Event "Mistrzostwa Polski Juniorów Młodszych"]
[Site "Suwałki, Poland"]
[Date "2025.04.24"]
[Round "1.3"]
[White "Bednarek, Jan"]
[Black "Wojtun, Maksymilian"]
[Result "1/2-1/2"]
[WhiteElo "1989"]
[BlackElo "1694"]
[PlyCount "111"]
[EventDate "2025.??.??"]

1. e4 c5 2. Nf3 e6 3. d4 cxd4 4. Nxd4 Nc6 5. Nb5 d6 6. c4 Nf6 7. N1c3 a6 8. Na3 d5 9. exd5 exd5 10. cxd5 Nb4 11. Bc4 Bg4 12. Qd4 b5 13. Bb3 Bc5 14. Qe5+ Kf8 15. O-O Nd3 16. Qg3 Nxc1 17. Raxc1 Bd6 18. Qe3 b4 19. Ne4 bxa3 20. Nxd6 Qxd6 21. Rc6 Qe7 22. Qc3 Re8 23. Rc7 Qe5 24. Qb4+ Kg8 25. Qb7 Qd6 26. Rc6 Qb8 27. Qxb8 Rxb8 28. bxa3 Rd8 29. Re1 h5 30. d6 Ne8 31. f3 Bf5 32. Rxa6 Nxd6 33. Ra7 Rh6 34. a4 Rf6 35. Re5 Rb8 36. Ra6 Bg6 37. a5 Rc8 38. Rd5 Rc1+ 39. Rd1 Rxd1+ 40. Bxd1 Bd3 41. Rc6 Nb7 42. Rxf6 gxf6 43. Kf2 Nxa5 44. g4 f5 45. Kg3 hxg4 46. fxg4 Kg7 47. gxf5 Bxf5 48. Kf4 Be6 49. a3 Nc4 50. a4 Bd7 51. Bb3 Na5 52. Bc2 Be6 53. Bd3 Bd7 54. Bc2 Bc8 55. Ke5 Be6 56. Ke4 1/2-1/2

[Event "Mistrzostwa Polski Juniorów Młodszych"]
[Site "Suwałki, Poland"]
[Date "2025.04.24"]
[Round "1.4"]
[White "Cieslar, Nikodem"]
[Black "Sniedziewski, Emil"]
[Result "1/2-1/2"]
[WhiteElo "1686"]
[BlackElo "1985"]
[PlyCount "67"]
[EventDate "2025.??.??"]

1. e4 c5 2. c3 d5 3. exd5 Qxd5 4. d4 g6 5. Nf3 Bg7 6. Be3 cxd4 7. cxd4 Qa5+ 8. Nc3 Nh6 9. Qb3 Nf5 10. Bb5+ Bd7 11. O-O Bxb5 12. Qxb5+ Qxb5 13. Nxb5 Na6 14. Rac1 O-O 15. Nc7 Nxc7 16. Rxc7 Rab8 17. Rfc1 Rfd8 18. g3 Bf6 19. b3 Kg7 20. a4 h6 21. h4 Rd6 22. Bf4 Nxd4 23. Nxd4 Rxd4 24. Be3 Rb4 25. Bxa7 Re8 26. Rb1 Be5 27. Rd7 Bd6 28. Be3 Rc8 29. Kg2 Kf6 30. Bd2 Rb6 31. Be3 Rb4 32. Bd2 Rb6 33. Be3 Rb4 34. Bd2 1/2-1/2

[Event "Mistrzostwa Polski Juniorów Młodszych"]
[Site "Suwałki, Poland"]
[Date "2025.04.24"]
[Round "1.5"]
[White "Mrozowski, Nikodem"]
[Black "Wasilewski, Mateusz"]
[Result "1/2-1/2"]
[WhiteElo "1984"]
[BlackElo "1678"]
[PlyCount "81"]
[EventDate "2025.??.??"]

1. e4 c5 2. Nf3 Nc6 3. d4 cxd4 4. Nxd4 e5 5. Nb5 d6 6. N1c3 a6 7. Na3 b5 8. Nd5 Nf6 9. Bg5 Be7 10. Bxf6 Bxf6 11. c3 Bb7 12. Nc2 Nb8 13. Nce3 Bg5 14. Bd3 Bxe3 15. Nxe3 O-O 16. Qg4 Qf6 17. h4 Qg6 18. Qf3 Nd7 19. Nf5 Qf6 20. Rh3 g6 21. Qg4 Kh8 22. Nh6 Qe6 23. h5 Qxg4 24. Nxg4 Nc5 25. hxg6 fxg6 26. Ke2 Bxe4 27. Bxe4 Nxe4 28. Rah1 Ng5 29. Rd3 Rad8 30. Rhd1 h5 31. Ne3 Rf6 32. Nd5 Rf7 33. Nb4 Ne4 34. f3 Ng3+ 35. Ke1 e4 36. Rxd6 Rxd6 37. Rxd6 exf3 38. gxf3 Rxf3 39. Rxa6 h4 40. Rxg6 Kh7 41. Rg4 1/2-1/2

[Event "Mistrzostwa Polski Juniorów Młodszych"]
[Site "Suwałki, Poland"]
[Date "2025.04.24"]
[Round "1.6"]
[White "Czech, Emil"]
[Black "Kopacki, Aleksander"]
[Result "0-1"]
[WhiteElo "1673"]
[BlackElo "1980"]
[PlyCount "166"]
[EventDate "2025.??.??"]

1. e4 c5 2. Nf3 d6 3. d4 cxd4 4. Nxd4 Nf6 5. Bd3 Nc6 6. Nxc6 bxc6 7. O-O g6 8. b3 Bg7 9. Bb2 O-O 10. Nc3 Qb6 11. Qe1 Qb8 12. f4 Nd7 13. Na4 Bxb2 14. Nxb2 Nc5 15. Nc4 Ba6 16. Qh4 Nxd3 17. cxd3 Bxc4 18. dxc4 f6 19. Rae1 Qc7 20. Rf3 Rf7 21. Ree3 a5 22. Rh3 Qa7 23. Kh1 a4 24. Re2 axb3 25. Rxb3 Qd4 26. Rbb2 Qxc4 27. Qe1 Rff8 28. Rb4 Qf7 29. Qb1 Ra7 30. h3 Rfa8 31. Rb8+ Kg7 32. Rxa8 Rxa8 33. Qb7 Qe8 34. e5 fxe5 35. fxe5 Rb8 36. Qa7 d5 37. Rf2 Rb1+ 38. Kh2 Qd8 39. Qd4 Qb8 40. Qf4 Re1 41. Qf7+ Kh8 42. Qxe7 Qxe5+ 43. Qxe5+ Rxe5 44. Rc2 Re6 45. a4 d4 46. a5 d3 47. Rd2 Rd6 48. a6 c5 49. a7 Ra6 50. Rxd3 Rxa7 51. Rd8+ Kg7 52. Rc8 Ra5 53. Rc6 Kf7 54. Kg3 Ke7 55. Rc7+ Kd6 56. Rxh7 c4 57. Kf3 Re5 58. Ra7 c3 59. Ra8 c2 60. Ra1 Rc5 61. Rc1 Ke5 62. Ke3 Kf5 63. Kd4 Rc8 64. g3 Rh8 65. Rxc2 Rxh3 66. Rc3 Kg4 67. Ke5 g5 68. Kf6 Rh6+ 69. Ke5 Ra6 70. Rb3 Kh3 71. Kf5 Ra5+ 72. Ke4 g4 73. Kf4 Ra8 74. Rc3 Rf8+ 75. Ke4 Kg2 76. Rc7 Kxg3 77. Rg7 Kh3 78. Rh7+ Kg2 79. Rg7 g3 80. Ke3 Re8+ 81. Kf4 Kf2 82. Rf7 g2 83. Kg4+ Ke2 0-1

[Event "Mistrzostwa Polski Juniorów Młodszych"]
[Site "Suwałki, Poland"]
[Date "2025.04.24"]
[Round "1.7"]
[White "Serafin, Franciszek"]
[Black "Ladon, Jeremi"]
[Result "1-0"]
[WhiteElo "1955"]
[BlackElo "1670"]
[PlyCount "85"]
[EventDate "2025.??.??"]

1. d4 Nf6 2. c4 e6 3. Nc3 d5 4. cxd5 exd5 5. Bg5 c6 6. e3 Be7 7. Bd3 Bg4 8. Nge2 Bh5 9. O-O Bg6 10. Rb1 Nbd7 11. h3 Bxd3 12. Qxd3 h6 13. Bxf6 Nxf6 14. b4 b5 15. a4 a6 16. a5 h5 17. f3 O-O 18. e4 dxe4 19. fxe4 Re8 20. Qf3 Rf8 21. Rfd1 g6 22. Nf4 Kg7 23. e5 Nh7 24. d5 Ng5 25. Qe3 Qd7 26. d6 Bd8 27. Ne4 Nxe4 28. Qxe4 Re8 29. e6 Rxe6 30. Nxe6+ fxe6 31. Rbc1 Rc8 32. Rc3 h4 33. Rf3 Bf6 34. Rdf1 Rf8 35. Rxf6 Rxf6 36. Qe5 Qa7+ 37. Kh1 Qf7 38. d7 Qxd7 39. Qxf6+ Kh6 40. Qxh4+ Kg7 41. Qf6+ Kh6 42. Qf7 Qd4 43. Qf4+ 1-0

[Event "Mistrzostwa Polski Juniorów Młodszych"]
[Site "Suwałki, Poland"]
[Date "2025.04.24"]
[Round "1.8"]
[White "Koch, Maciej"]
[Black "Chmielek, Milan"]
[Result "0-1"]
[WhiteElo "1668"]
[BlackElo "1954"]
[PlyCount "100"]
[EventDate "2025.??.??"]

1. e4 c5 2. Nf3 d6 3. d4 cxd4 4. Nxd4 Nf6 5. Nc3 g6 6. Be3 Bg7 7. f3 O-O 8. Qd2 Nc6 9. g4 Be6 10. h4 Ne5 11. O-O-O Qc8 12. Nxe6 fxe6 13. Be2 Nc4 14. Bxc4 Qxc4 15. h5 Nd7 16. hxg6 hxg6 17. Rdf1 Bxc3 18. bxc3 Qxa2 19. Qh2 Nf6 20. Bg5 Kf7 21. Bxf6 Kxf6 22. Qh7 e5 23. g5+ Ke6 24. Qh3+ Kf7 25. Qd7 Rh8 26. Qb5 Rxh1 27. Rxh1 Qa1+ 28. Qb1 Qxb1+ 29. Kxb1 Kg7 30. Ka2 Rh8 31. Rb1 b6 32. Rb3 Rh2 33. Kb2 Rg2 34. Ra3 a5 35. Rb3 Rxg5 36. Rxb6 Rg3 37. Rb7 Kf7 38. c4 Rxf3 39. c5 dxc5 40. Rb5 Re3 41. Rxa5 Rxe4 42. Rxc5 g5 43. Kc3 g4 44. Kd3 g3 45. Kxe4 g2 46. Rxe5 g1=Q 47. c4 Qg4+ 48. Kd3 Qd1+ 49. Ke4 Qc2+ 50. Kd4 Kf6 0-1

[Event "Mistrzostwa Polski Juniorów Młodszych"]
[Site "Suwałki, Poland"]
[Date "2025.04.24"]
[Round "1.9"]
[White "Buklaho, Ignacy"]
[Black "Malinowski, Tobiasz"]
[Result "1-0"]
[WhiteElo "1932"]
[BlackElo "1653"]
[PlyCount "57"]
[EventDate "2025.??.??"]

1. e4 e5 2. Nf3 Nc6 3. Bc4 Bc5 4. c3 Nf6 5. d3 d6 6. O-O a6 7. Bb3 Ba7 8. Nbd2 h6 9. Re1 O-O 10. h3 Re8 11. Nf1 Be6 12. Bc2 d5 13. exd5 Bxd5 14. Ng3 Qd7 15. Be3 Bxe3 16. Rxe3 Re7 17. Nd2 g6 18. Qe2 Rae8 19. Nde4 Nxe4 20. dxe4 Be6 21. Rd1 Qc8 22. Nf5 gxf5 23. Rg3+ Kh7 24. exf5 Bxf5 25. Qg4 Bg6 26. Bxg6+ Kh8 27. Bf5 Rg8 28. Bxc8 Rxg4 29. Bxg4 1-0

[Event "Mistrzostwa Polski Juniorów Młodszych"]
[Site "Suwałki, Poland"]
[Date "2025.04.24"]
[Round "1.10"]
[White "Dorowski, Nataniel"]
[Black "Ejsymont, Eryk"]
[Result "0-1"]
[WhiteElo "1621"]
[BlackElo "1908"]
[PlyCount "94"]
[EventDate "2025.??.??"]

1. d4 Nf6 2. c4 e6 3. Nf3 b6 4. Nc3 Bb4 5. Bg5 Bb7 6. e3 h6 7. Bh4 g5 8. Bg3 Ne4 9. Rc1 Bxc3+ 10. bxc3 d6 11. d5 Nd7 12. dxe6 fxe6 13. Nd4 Qf6 14. Nb5 Rc8 15. f3 Nxg3 16. hxg3 a6 17. Nd4 Nc5 18. Rh5 Rf8 19. g4 Qe5 20. Qe2 Qg3+ 21. Kd2 Rf6 22. Kc2 Be4+ 23. Kd1 Nd3 24. Rc2 c5 25. Rh3 Qe5 26. f4 Nxf4 27. exf4 Qxf4 28. Rf3 Bxf3 29. Nxf3 Kf7 30. Qd3 Kg7 31. Rd2 Rd8 32. Qb1 e5 33. Qxb6 Rd7 34. Qc6 Qxg4 35. Be2 Rdf7 36. Nxe5 Rf1+ 37. Kc2 Qf5+ 38. Nd3 Rf2 39. g4 Qg6 40. Kb2 Rxe2 41. Rxe2 Qxd3 42. Rh2 Qxc4 43. Qxd6 Rb7+ 44. Kc2 Qe4+ 45. Kc1 Rb1+ 46. Kd2 Rb2+ 47. Kc1 Qb1# 0-1

[Event "Mistrzostwa Polski Juniorów Młodszych"]
[Site "Suwałki, Poland"]
[Date "2025.04.24"]
[Round "1.11"]
[White "Wites, Adam"]
[Black "Perkowski, Jakub"]
[Result "1-0"]
[WhiteElo "1901"]
[BlackElo "1619"]
[PlyCount "83"]
[EventDate "2025.??.??"]

1. d4 Nf6 2. Nc3 d5 3. Bf4 a6 4. e3 e6 5. g4 c5 6. g5 Nfd7 7. Nf3 Nc6 8. Qd2 Be7 9. h4 b5 10. dxc5 Nxc5 11. Nd4 Bb7 12. Nxc6 Bxc6 13. Qd4 O-O 14. h5 Nd7 15. h6 e5 16. Bxe5 Bc5 17. Qf4 d4 18. hxg7 Re8 19. Bc7 Qe7 20. Bd3 Bxh1 21. Qf5 Nf8 22. gxf8=Q+ Kxf8 23. Qxh7 Qxg5 24. Qxh1 dxc3 25. O-O-O cxb2+ 26. Kb1 Qf6 27. Bf4 Bd6 28. Bxd6+ Qxd6 29. Bxb5 Qf6 30. Bxe8 Rxe8 31. Qg2 Rc8 32. f4 Re8 33. Qd2 Kg8 34. Qd4 Qxd4 35. exd4 Re4 36. c4 Kf8 37. c5 Ke7 38. Kxb2 Rxf4 39. Kc3 f5 40. d5 Kd7 41. d6 Ra4 42. c6+ 1-0

[Event "Mistrzostwa Polski Juniorów Młodszych"]
[Site "Suwałki, Poland"]
[Date "2025.04.24"]
[Round "1.12"]
[White "Szczukiewicz, Wojciech"]
[Black "Szeszycki, Jan"]
[Result "0-1"]
[WhiteElo "1615"]
[BlackElo "1875"]
[PlyCount "60"]
[EventDate "2025.??.??"]

1. e4 c5 2. c3 d5 3. exd5 Qxd5 4. d4 Nc6 5. Nf3 Bf5 6. Bb5 O-O-O 7. Bxc6 Qxc6 8. O-O e6 9. Be3 Bd6 10. Nbd2 f6 11. b4 c4 12. a4 g5 13. b5 Qd5 14. Nxc4 Qxc4 15. Nd2 Qc7 16. h3 h5 17. c4 Bf4 18. c5 Bxe3 19. fxe3 Bxh3 20. Ne4 Bf5 21. Nd6+ Rxd6 22. cxd6 Qxd6 23. Rc1+ Kb8 24. Qb3 Ne7 25. Rc3 h4 26. a5 h3 27. a6 hxg2 28. Rfc1 Qh2+ 29. Kf2 g1=Q+ 30. Kf3 Rh3# 0-1

[Event "Mistrzostwa Polski Juniorów Młodszych"]
[Site "Suwałki, Poland"]
[Date "2025.04.24"]
[Round "1.13"]
[White "Czech, Franciszek"]
[Black "Wiekiera, Tomasz"]
[Result "1-0"]
[WhiteElo "1864"]
[BlackElo "1613"]
[PlyCount "81"]
[EventDate "2025.??.??"]

1. e4 d5 2. exd5 Nf6 3. Nf3 Qxd5 4. Nc3 Qd6 5. d4 Nc6 6. Nb5 Qd8 7. d5 Nb4 8. c4 Bd7 9. Nbd4 c6 10. a3 Na6 11. dxc6 bxc6 12. Bf4 c5 13. Nb5 g6 14. Qa4 Nb8 15. O-O-O a6 16. Nc7+ Qxc7 17. Bxc7 Bh6+ 18. Kb1 Ne4 19. Qc2 Nc6 20. Bd3 Nf6 21. h3 Nh5 22. g4 Nf4 23. Be4 f5 24. gxf5 Rf8 25. Qd2 Bxf5 26. Bxf5 Rxf5 27. Qd7+ Kf7 28. Qxc6 Rc8 29. Rhe1 Rf6 30. Qd7 Re8 31. Ne5+ Kf8 32. Ng4 Nh5 33. Nxh6 Ng7 34. Be5 Rxf2 35. Bxg7+ Kxg7 36. Qxe8 Kxh6 37. Qxe7 a5 38. Qh4+ Kg7 39. Qxf2 a4 40. Re7+ Kh6 41. Qh4# 1-0

[Event "Mistrzostwa Polski Juniorów Młodszych"]
[Site "Suwałki, Poland"]
[Date "2025.04.24"]
[Round "1.14"]
[White "Pawlak, Mateusz"]
[Black "Olejko, Wojciech"]
[Result "1-0"]
[WhiteElo "1604"]
[BlackElo "1837"]
[PlyCount "87"]
[EventDate "2025.??.??"]

1. e4 e6 2. d4 d5 3. Nc3 Nf6 4. Bg5 dxe4 5. Nxe4 Be7 6. Bxf6 gxf6 7. Nf3 a6 8. Bd3 f5 9. Ned2 b5 10. Nb3 Bb7 11. Qe2 Rg8 12. O-O-O Bd5 13. Rhe1 Nc6 14. g3 Nb4 15. Kb1 Nxd3 16. Qxd3 c6 17. Ne5 a5 18. Qe2 a4 19. Nc5 Bxc5 20. dxc5 Qf6 21. Rxd5 exd5 22. Ng4+ Qe6 23. Qd2 Rxg4 24. Rxe6+ fxe6 25. Qh6 Kf7 26. Qxh7+ Rg7 27. Qh5+ Kf6 28. Qh4+ Kf7 29. Qf4 Rc8 30. Qd6 Kf6 31. h4 Rh7 32. Kc1 Rg7 33. Kd2 Rgg8 34. h5 Rgd8 35. Qf4 Rg8 36. Qh4+ Kf7 37. f3 Rg7 38. Qf4 Ke7 39. h6 Rg6 40. h7 Rh8 41. Qe5 Rf6 42. g4 fxg4 43. fxg4 Rff8 44. g5 1-0

[Event "Mistrzostwa Polski Juniorów Młodszych"]
[Site "Suwałki, Poland"]
[Date "2025.04.24"]
[Round "1.15"]
[White "Zajadlak, Milosz"]
[Black "Guzdziol, Olaf"]
[Result "1-0"]
[WhiteElo "1835"]
[BlackElo "1601"]
[PlyCount "85"]
[EventDate "2025.??.??"]

1. e4 c5 2. Nf3 Nc6 3. d4 cxd4 4. Nxd4 d6 5. Nc3 Nf6 6. Bc4 Bd7 7. Bb3 a6 8. f3 Rc8 9. Be3 Ne5 10. O-O e6 11. h3 Be7 12. f4 Nc4 13. Bxc4 Rxc4 14. e5 dxe5 15. fxe5 Nd5 16. Nxd5 exd5 17. b3 Rc3 18. Qd2 Bb4 19. a3 Rxe3 20. Qxe3 Bc5 21. c3 O-O 22. Qf4 Qb6 23. b4 Be7 24. Rae1 h6 25. h4 Qd8 26. g3 g5 27. hxg5 Bxg5 28. Qf2 Bh3 29. Nf5 Bxf1 30. Rxf1 Qc7 31. Qd4 Qd7 32. c4 Rd8 33. c5 Qe6 34. Nd6 Qh3 35. Qf2 Rf8 36. Nxf7 Qg4 37. e6 Qh5 38. Qd4 Be3+ 39. Qxe3 Qg6 40. e7 Re8 41. Nxh6+ Kh7 42. Rf7+ Kh8 43. Qe5+ 1-0

[Event "Mistrzostwa Polski Juniorów Młodszych"]
[Site "Suwałki, Poland"]
[Date "2025.04.24"]
[Round "1.16"]
[White "Guss, Hubert"]
[Black "Kopia, Julian"]
[Result "0-1"]
[WhiteElo "1599"]
[BlackElo "1814"]
[PlyCount "94"]
[EventDate "2025.??.??"]

1. c4 Nf6 2. Nc3 g6 3. d4 Bg7 4. g3 O-O 5. Bg2 d6 6. Nf3 Nbd7 7. O-O e5 8. dxe5 dxe5 9. Bg5 h6 10. Bxf6 Bxf6 11. Qd2 Bg7 12. Rad1 c6 13. Bh3 Qc7 14. Bg2 Nc5 15. Qe3 Ne6 16. Ne4 Rd8 17. c5 Nd4 18. Nxd4 exd4 19. Qf3 Qe7 20. Qd3 Bf5 21. f3 Bxe4 22. fxe4 Qxc5 23. Kh1 Rf8 24. Rf3 Qe7 25. Rdf1 Rac8 26. Qb3 Rc7 27. a4 Kh7 28. e3 c5 29. exd4 Bxd4 30. Qc2 Kg7 31. Rc1 Rd7 32. Rd3 Rfd8 33. Rb3 b6 34. h4 Be5 35. Rf1 Rd2 36. Qc1 R2d3 37. Rxd3 Rxd3 38. Rf3 Rxf3 39. Bxf3 Bxg3 40. Qc2 Qxh4+ 41. Kg1 Be5 42. Qg2 Qe1+ 43. Qf1 Qxf1+ 44. Kxf1 Bxb2 45. Ke2 a6 46. Kd3 b5 47. a5 Be5 {Kd4} 0-1

[Event "Mistrzostwa Polski Juniorów Młodszych"]
[Site "Suwałki, Poland"]
[Date "2025.04.24"]
[Round "1.17"]
[White "Bury, Marcel"]
[Black "Radziszewski, Leon"]
[Result "1-0"]
[WhiteElo "1809"]
[BlackElo "1598"]
[PlyCount "134"]
[EventDate "2025.??.??"]

1. e4 e5 2. Nf3 Nc6 3. d4 exd4 4. Bc4 Nf6 5. O-O Nxe4 6. Re1 d5 7. Bxd5 Qxd5 8. Nc3 Qh5 9. Nxe4 Be6 10. Bg5 Bd6 11. Nxd6+ cxd6 12. Bf4 Qd5 13. Qd2 O-O 14. a3 Bg4 15. Ng5 f6 16. Ne4 Ne5 17. Rac1 Rfe8 18. Nc3 Qc4 19. Ne4 Re7 20. Nxd6 Qd5 21. Ne4 Rae8 22. Bxe5 Rxe5 23. Ng3 Qe6 24. Rxe5 Qxe5 25. h3 Bc8 26. Rd1 Qc5 27. Re1 Rxe1+ 28. Qxe1 Kf7 29. Qe4 Qe5 30. Qxh7 Qe1+ 31. Kh2 Qe5 32. Qd3 Be6 33. Qe2 Qd5 34. Kg1 Qg5 35. Qd1 Qe5 36. Ne2 d3 37. Qxd3 Qxb2 38. Kh2 Qb6 39. Nd4 Qd6+ 40. g3 Qb6 41. c3 Qb2 42. Qe2 Qxe2 43. Nxe2 Bd5 44. Nd4 g6 45. Kg1 Bc4 46. Kg2 Ke7 47. Kf3 Kd6 48. h4 Ke5 49. Ke3 a6 50. g4 Bf7 51. Ne2 f5 52. f4+ Kd5 53. gxf5 gxf5 54. Kd3 Bg6 55. Ng3 Bh7 56. h5 Kc5 57. c4 b5 58. cxb5 axb5 59. Kc3 Kd5 60. Ne2 Kc5 61. Kd3 b4 62. axb4+ Kxb4 63. Ng1 Kb5 64. Kd4 Kc6 65. Nh3 Kd7 66. Ke5 Bg8 67. Ng5 Ke7 1-0

[Event "Mistrzostwa Polski Juniorów Młodszych"]
[Site "Suwałki, Poland"]
[Date "2025.04.24"]
[Round "1.18"]
[White "Pisarski, Marek"]
[Black "Markowski, Adam"]
[Result "0-1"]
[WhiteElo "1594"]
[BlackElo "1790"]
[PlyCount "90"]
[EventDate "2025.??.??"]

1. e4 e6 2. d4 d5 3. exd5 exd5 4. Bd3 Bd6 5. Ne2 Nc6 6. a3 h6 7. Nbc3 Nf6 8. Be3 a6 9. Qd2 Ne7 10. Bf4 Bf5 11. O-O-O Bxd3 12. Qxd3 O-O 13. f3 Ng6 14. Bxd6 Qxd6 15. Rde1 b6 16. h4 c5 17. dxc5 bxc5 18. g4 Ne5 19. Qf5 d4 20. Ne4 Nxe4 21. Qxe4 Rfe8 22. Qf4 d3 23. Rd1 Qg6 24. h5 Qh7 25. cxd3 Nxd3+ 26. Rxd3 Qxd3 27. Nc3 Qe3+ 28. Qxe3 Rxe3 29. f4 Rg3 30. Rh4 Rd8 31. Ne4 Rg1+ 32. Kc2 Rd4 33. Nc3 Rg2+ 34. Kb3 Rxf4 35. Rh3 Rfxg4 36. Rd3 c4+ 37. Ka2 cxd3 38. Kb1 Rg1+ 39. Ka2 d2 40. b4 Rc1 41. Kb2 Rxc3 42. Kxc3 d1=Q 43. a4 Qf3+ 44. Kd2 Rg2+ 45. Ke1 Qe2# 0-1

[Event "Mistrzostwa Polski Juniorów Młodszych"]
[Site "Suwałki, Poland"]
[Date "2025.04.24"]
[Round "1.19"]
[White "Sucharski, Jakub"]
[Black "Szokalo, Jan"]
[Result "0-1"]
[WhiteElo "1786"]
[BlackElo "1591"]
[PlyCount "150"]
[EventDate "2025.??.??"]

1. e4 b6 2. d4 Bb7 3. Bd3 g6 4. Nf3 Bg7 5. Bf4 d6 6. Nbd2 Nf6 7. c3 O-O 8. Qc2 Nbd7 9. d5 Rc8 10. Qd1 c6 11. dxc6 Bxc6 12. Qe2 Nc5 13. O-O Nxd3 14. Qxd3 Bb7 15. Rfe1 Nd7 16. Qe3 Nf6 17. h3 Re8 18. Rad1 Qd7 19. Bh6 Bh8 20. Qd3 Qc7 21. Nd4 Nd7 22. N2b3 Qb8 23. f4 Nc5 24. Nxc5 dxc5 25. Nf3 Rcd8 26. Qc4 Bg7 27. Bxg7 Kxg7 28. g3 e6 29. Kf2 Qc7 30. Qe2 Qc6 31. Rd2 Rxd2 32. Qxd2 Qc7 33. c4 Rd8 34. Qc3+ Kg8 35. Ne5 Qd6 36. Ke3 Qd4+ 37. Qxd4 Rxd4 38. Kf2 Bxe4 39. Re2 Kg7 40. b3 h5 41. g4 f6 42. Nf3 Bxf3 43. Kxf3 Rd3+ 44. Kg2 Kf7 45. gxh5 gxh5 46. h4 Kg6 47. Rxe6 Rd2+ 48. Kf3 Rxa2 49. Ke4 Re2+ 50. Kd5 Rd2+ 51. Kc6 Kf5 52. Re7 Ra2 53. Rh7 Kg4 54. Rf7 Kxf4 55. Rg7 Ra3 56. Kb7 Rxb3 57. Kxa7 Rb4 58. Rg6 Rxc4 59. Rxf6+ Kg4 60. Kxb6 Kxh4 61. Rg6 Kh3 62. Kc6 h4 63. Kd5 Rc3 64. Ke4 Kh2 65. Kf4 Rg3 66. Rc6 Rc3 67. Rh6 h3 68. Ke4 Kg2 69. Kf4 Rg3 70. Ra6 h2 71. Ra2+ Kh3 72. Ra1 Rg1 73. Ra3+ Kh4 74. Ra8 Rf1+ 75. Ke3 h1=Q 0-1

[Event "Mistrzostwa Polski Juniorów Młodszych"]
[Site "Suwałki, Poland"]
[Date "2025.04.24"]
[Round "1.20"]
[White "Lisek, Adam"]
[Black "Wolak, Jan"]
[Result "0-1"]
[WhiteElo "1575"]
[BlackElo "1782"]
[PlyCount "150"]
[EventDate "2025.??.??"]

1. e4 c5 2. Nf3 d6 3. c3 Nf6 4. Bd3 Nc6 5. Bc2 Bg4 6. d3 e6 7. Nbd2 Be7 8. h3 Bh5 9. Nf1 O-O 10. Ng3 Bxf3 11. Qxf3 d5 12. O-O Rc8 13. Bg5 h6 14. Bxf6 Bxf6 15. exd5 Qxd5 16. Ne4 Be7 17. Bb3 Qf5 18. Qxf5 exf5 19. Ng3 g6 20. Rad1 Bf6 21. Ne2 Rcd8 22. Nf4 Kg7 23. Rfe1 Bg5 24. Nd5 Na5 25. c4 Nxb3 26. axb3 Bf6 27. Re2 Rd6 28. b4 cxb4 29. Nxb4 Rc8 30. Nd5 Ra6 31. b4 Ra3 32. Rc2 Rd8 33. d4 Ra4 34. Kf1 b5 35. Nxf6 Kxf6 36. c5 Ke6 37. d5+ Kd7 38. c6+ Kd6 39. c7 Rc8 40. Rc6+ Kd7 41. Rf6 Kxc7 42. Rxf7+ Kb8 43. Rg7 Rxb4 44. Rxg6 Rd8 45. Rxh6 a5 46. h4 a4 47. h5 a3 48. Ra6 Rb3 49. Ra1 b4 50. h6 Kb7 51. Rg6 Rb2 52. Rg3 a2 53. Rxa2 Rxa2 54. Rb3 Rxd5 55. Rxb4+ Kc7 56. g3 Ra8 57. Kg2 Rh8 58. Rh4 Rd6 59. Kf3 Rhxh6 60. Kf4 Rhf6 61. Rh5 Rd5 62. Kg5 Rf8 63. Kg6 Kd6 64. Kg7 Rc8 65. Kf6 f4 66. Rh4 fxg3 67. fxg3 Rf8+ 68. Kg7 Rff5 69. g4 Rg5+ 70. Kh6 Ke6 71. Rh2 Rxg4 72. Re2+ Kf6 73. Rh2 Rg6+ 74. Kh7 Rd7+ 75. Kh8 Rd8+ 0-1

[Event "Mistrzostwa Polski Juniorów Młodszych"]
[Site "Suwałki, Poland"]
[Date "2025.04.24"]
[Round "1.21"]
[White "Kaczmarek, Piotr"]
[Black "Jedlikowski, Jan"]
[Result "1-0"]
[WhiteElo "1767"]
[BlackElo "1530"]
[PlyCount "39"]
[EventDate "2025.??.??"]

1. d4 Nf6 2. c4 e6 3. Nf3 d5 4. Bg5 Be7 5. Nc3 O-O 6. e3 b6 7. cxd5 exd5 8. Bd3 Bg4 9. Rc1 Nc6 10. Qa4 Nb4 11. Be2 a5 12. a3 Na6 13. Bxa6 Rxa6 14. Ne5 Re8 15. Bxf6 Bxf6 16. Nxg4 Bg5 17. Nxd5 Re4 18. Qc4 Ra7 19. Ne5 Rb7 20. Qc6 1-0

[Event "Mistrzostwa Polski Juniorów Młodszych"]
[Site "Suwałki, Poland"]
[Date "2025.04.24"]
[Round "1.22"]
[White "Kupczyk, Jan"]
[Black "Kucewicz, Piotr"]
[Result "0-1"]
[WhiteElo "1524"]
[BlackElo "1764"]
[PlyCount "58"]
[EventDate "2025.??.??"]

1. e4 c5 2. Nf3 Nc6 3. c3 Nf6 4. e5 Nd5 5. d4 cxd4 6. cxd4 d6 7. Bc4 dxe5 8. dxe5 Nc7 9. O-O Qxd1 10. Rxd1 Bg4 11. Nbd2 Nd4 12. b3 b5 13. Bf1 Bxf3 14. Nxf3 Nxf3+ 15. gxf3 e6 16. Bb2 a6 17. Rac1 Nd5 18. Rc6 Kd7 19. Rxa6 Rxa6 20. Bxb5+ Rc6 21. Rc1 Nb4 22. a3 Kc7 23. Bxc6 Nxc6 24. b4 Kb6 25. f4 Be7 26. Kg2 Rd8 27. Bc3 Rd3 28. h3 Nd4 29. a4 Ne2 0-1

[Event "Mistrzostwa Polski Juniorów Młodszych"]
[Site "Suwałki, Poland"]
[Date "2025.04.24"]
[Round "1.23"]
[White "Machaj, Szymon"]
[Black "Brzeski, Karol"]
[Result "1/2-1/2"]
[WhiteElo "1760"]
[BlackElo "1510"]
[PlyCount "66"]
[EventDate "2025.??.??"]

1. e4 e5 2. Nf3 Nc6 3. Bc4 Bc5 4. O-O Nf6 5. d4 exd4 6. e5 d5 7. exf6 dxc4 8. Re1+ Be6 9. Ng5 Qd5 10. Nxe6 fxe6 11. fxg7 Rg8 12. Bh6 O-O-O 13. Nd2 Bf8 14. Qg4 Bxg7 15. Bxg7 Rd7 16. Rxe6 Rgxg7 17. Re8+ Nd8 18. Qh3 Rg8 19. Rae1 Rxe8 20. Rxe8 c3 21. bxc3 dxc3 22. Nf1 Qxa2 23. Re7 Qd5 24. Rxd7 Qxd7 25. Qxc3 Qc6 26. Qh3+ Qd7 27. Qe3 Qa4 28. Qd3 Qd7 29. Qa3 a6 30. h3 Ne6 31. Ne3 Nd4 32. Qf8+ Qd8 33. Qg7 h5 1/2-1/2

[Event "Mistrzostwa Polski Juniorów Młodszych"]
[Site "Suwałki, Poland"]
[Date "2025.04.24"]
[Round "1.24"]
[White "Tyszka, Kacper"]
[Black "Janeczek, Maksymilian"]
[Result "1-0"]
[WhiteElo "1508"]
[BlackElo "1748"]
[PlyCount "69"]
[EventDate "2025.??.??"]

1. d4 Nf6 2. c4 e6 3. Nc3 Bb4 4. e3 b6 5. Bd3 Bb7 6. Nf3 O-O 7. a3 Bxc3+ 8. bxc3 d5 9. cxd5 Bxd5 10. Qe2 Nbd7 11. e4 Bb7 12. Bg5 h6 13. Bh4 Qc8 14. O-O c5 15. Rac1 Qc6 16. e5 Nd5 17. Qe4 f5 18. exf6 N7xf6 19. Bxf6 Nxf6 20. Qxc6 Bxc6 21. Ne5 Be4 22. Rfe1 Bxd3 23. Nxd3 Rfd8 24. Nf4 cxd4 25. Nxe6 Re8 26. cxd4 Kf7 27. Rc7+ Kg8 28. Rxg7+ Kh8 29. Rg6 Ng8 30. d5 Rad8 31. Rd1 Rd7 32. Nf4 Kh7 33. Re6 Rxe6 34. Nxe6 Nf6 35. Nf8+ 1-0